000 01328nam a2200265Ia 4500
001 21728
005 20260320113307.0
008 260320s9999||||xx |||||||||||||| ||und||
020 _a9786123331443
041 _aESP
082 _a345.3
_bC48
100 _aCerna Bazán, Marco Fernando,
_eAUT
245 0 _aLa decisión probatoria :
_bestándar de prueba y sentencia de condena en el proceso penal peruano
246 _a
_5
_b
250 _aPrimera edición
260 _aLima :
_bGaceta Jurídica,
_c2025
300 _a718 páginas :
_b
_c25 cm.
_e
440 _a
_n
_v
650 _aCIS
653 _aDerecho; Derecho procesal penal; La prueba; Teoría de la prueba
654 _aDER
700 _a
_c
856 _uhttps://palestra-tirantonline-com.ucsp.lookproxy.com/base/per/biblioteca_virtual/9786586093407?general=la+decision+probatoria&index=2&navigate_url=%2Fbase%2Fper%2Fbibliotecavirtual%2Fsearches%2Fnavigate%3Ftoken_id%3D68f79d378688ce000b7311da&next_index=3&num_found=4416&pais=per&prev_index=1&route=ser&search_type=bibliotecavirtual&search_url=%2Fbase%2Fper%2Fbibliotecavirtual%2Fsearches%3Findex%3D2%26token_id%3D68f79d378688ce000b7311da&token_id=68f79d378688ce000b7311da&tolgeo=latam
_zVéase además: Fundamentos de dereito probatório em matéria penal. Versión digital
942 _cLIB
_dJUS
_fTRC
_2ddc
_n
999 _c21728
_d21728